LIBRARY & INFORMATION CENTRE, KCAET, TAVANUR

ONLINE PUBLIC ACCESS CATALOGUE (OPAC)

Distribution free tests / (Record no. 12095)

MARC details
000 -LEADER
fixed length control field 00501cam a2200181ua 4500
003 - CONTROL NUMBER IDENTIFIER
control field OSt
008 - FIXED-LENGTH DATA ELEMENTS--GENERAL INFORMATION
fixed length control field 250804b |||||||| |||| 00| 0 eng d
020 ## - INTERNATIONAL STANDARD BOOK NUMBER
ISBN 9780045190195
041 ## - LANGUAGE CODE
Language code of text/sound track or separate title eng
082 ## - DEWEY DECIMAL CLASSIFICATION NUMBER
Classification number 519.5
Item number NEA/DI
100 ## - MAIN ENTRY--AUTHOR NAME
Personal name Neave, H.R .
245 ## - TITLE STATEMENT
Title Distribution free tests /
260 ## - PUBLICATION, DISTRIBUTION, ETC. (IMPRINT)
Place of publication London :
Name of publisher Unwin Hyman Inc ,
Year of publication 1988.
300 ## - PHYSICAL DESCRIPTION
Number of Pages 430 ; .
650 ## - SUBJECT ADDED ENTRY--TOPICAL TERM
Topical Term Nonparametric statistics; Statistical hypothesis testing
700 1# - ADDED ENTRY--PERSONAL NAME
Personal name Worthington , P.L .
942 ## - ADDED ENTRY ELEMENTS (KOHA)
Koha item type Books
Holdings
Withdrawn status Lost status Damaged status Home library Current library Date acquired Full call number Accession Number Koha item type
      KAUAET KAUAET 07/04/2012 519.5 NEA/DI 18106 Books
free website counter